000 00741nam a2200241Ia 4500
003 OSt
005 20220925185238.0
006 a|||||r|||| 00| 0
007 ta
008 220923b |||||||| |||| 00| 0 eng d
020 _a008044119X
_c7536.71
037 _b304, 02/11/2006, SHUBHAM BOOK SUPPLIER
_cGeneral Book
040 _aRTL
_cRTL
_beng
041 _2eng
_aeng
082 _aU:(G:55), P2
100 _aAustin Jill Ed.
_9233578
245 0 _aAir pollution science for the 21st century
260 _aAmsterdam
_bElsevier
_c2002
300 _aviii, 676p
_ccm.
650 _aGeography
942 _hU:(G:55), P2
_cGB
_2CC
999 _c510286
_d510286